[Event "Teplice Open 2019"]
[Site "Teplice"]
[Date "2019.06.20"]
[Round "6.7"]
[White "Krzyzanowski, Marcin"]
[Black "Santos Latasa, Jaime"]
[Result "0-1"]
[WhiteElo "2510"]
[BlackElo "2588"]
[Annotator "ChessBase"]
[PlyCount "78"]
[EventDate "2019.06.15"]
[EventType "swiss"]
[EventCountry "CZE"]
[SourceTitle "playchess.com"]
[Source "ChessBase"]
[SourceQuality "1"]
[TimeControl "40/5400+30:1800+30"]

1. e4 {[%emt 0:00:00]} c5 {[%emt 0:00:00]} 2. Nc3 {[%emt 0:00:00]} Nc6 {[%emt 0:00:00]} 3. Nf3 {[%emt 0:00:16]} d6 {[%emt 0:00:00]} 4. d4 {[%emt 0:01:05]} cxd4 {[%emt 0:00:00]} 5. Nxd4 {[%emt 0:00:03]} Nf6 {[%emt 0:00:04]} 6. Bg5 {[%emt 0:00:27]} e6 {[%emt 0:00:07]} 7. Qd2 {[%emt 0:00:03]} a6 {[%emt 0:00:05]} 8. O-O-O {[%emt 0:00:22]} Be7 {[%emt 0:00:05]} 9. f4 {[%emt 0:01:53]} Bd7 {[%emt 0:01:12]} 10. Nf3 {[%emt 0:06:03]} b5 {[%emt 0:00:27]} 11. Bxf6 {[%emt 0:08:38]} gxf6 {[%emt 0:00:09]} 12. Kb1 {[%emt 0:01:30]} Qb6 {[%emt 0:00:16]} 13. Ne2 {[%emt 0:03:59]} O-O-O {[%emt 0:03:27]} 14. f5 {[%emt 0:04:35]} Kb8 {[%emt 0:00:24]} 15. Nf4 {[%emt 0:01:22]} Bc8 {[%emt 0:00:58]} 16. fxe6 {[%emt 0:08:14]} fxe6 {[%emt 0:00:07]} 17. g3 {[%emt 0:01:02]} d5 {[%emt 0:03:24]} 18. exd5 {[%emt 0:01:53]} e5 {[%emt 0:01:27]} 19. Ne2 {[%emt 0:14:27]} Nb4 {[%emt 0:01:06]} 20. Nc3 {[%emt 0:01:10]} Bb7 {[%emt 0:01:52]} 21. Bg2 {[%emt 0:04:16]} Nxd5 {[%emt 0:01:32]} 22. Nxd5 {[%emt 0:04:49]} Rxd5 {[%emt 0:03:43]} 23. Qe2 {[%emt 0:01:47]} Rhd8 {[%emt 0:00:23]} 24. Rxd5 {[%emt 0:02:46]} Bxd5 {[%emt 0:00:28]} 25. Nh4 {[%emt 0:11:07]} Bxg2 {[%emt 0:04:24]} 26. Qxg2 {[%emt 0:01:55]} a5 {[%emt 0:01:45]} 27. Nf5 {[%emt 0:00:53]} Bf8 {[%emt 0:00:18]} 28. Qe2 {[%emt 0:00:56]} a4 {[%emt 0:00:42]} 29. Rd1 {[%emt 0:02:13]} Rxd1+ {[%emt 0:00:17]} 30. Qxd1 {[%emt 0:00:03]} a3 {[%emt 0:01:14]} 31. g4 {[%emt 0:03:53]} Kc7 {[%emt 0:01:52]} 32. bxa3 {[%emt 0:03:31]} Bxa3 {[%emt 0:00:56]} 33. Qe1 {[%emt 0:03:44]} Qc5 {[%emt 0:02:20]} 34. Ne3 {[%emt 0:04:58]} Kb7 {[%emt 0:04:23]} 35. c3 {[%emt 0:00:50]} b4 {[%emt 0:01:11]} 36. cxb4 {[%emt 0:02:02]} Qd4 {[%emt 0:00:14]} 37. Nd1 {[%emt 0:01:09]} Qd3+ {[%emt 0:00:24]} 38. Ka1 {[%emt 0:00:05]} Qc2 {[%emt 0:00:13]} 39. Qh1+ {[%emt 0:00:50]} Kb8 {[%emt 0:00:11]} 0-1

[Event "Teplice Open 2019"]
[Site "Teplice"]
[Date "2019.06.20"]
[Round "6.8"]
[White "Hracek, Zbynek"]
[Black "Hollan, Petr"]
[Result "1/2-1/2"]
[WhiteElo "2582"]
[BlackElo "2261"]
[Annotator "ChessBase"]
[PlyCount "61"]
[EventDate "2019.06.15"]
[EventType "swiss"]
[EventCountry "CZE"]
[SourceTitle "playchess.com"]
[Source "ChessBase"]
[SourceQuality "1"]
[TimeControl "40/5400+30:1800+30"]

1. d4 {[%emt 0:02:37]} Nf6 {[%emt 0:00:00]} 2. c4 {[%emt 0:00:09]} g6 {[%emt 0:00:00]} 3. g3 {[%emt 0:02:59]} Bg7 {[%emt 0:00:23]} 4. Bg2 {[%emt 0:00:07]} O-O {[%emt 0:00:40]} 5. Nc3 {[%emt 0:00:08]} d6 {[%emt 0:00:07]} 6. Nf3 {[%emt 0:00:09]} c6 {[%emt 0:03:12]} 7. e4 {[%emt 0:03:35]} Qa5 {[%emt 0:11:37]} 8. O-O {[%emt 0:06:47]} e5 {[%emt 0:00:56]} 9. Re1 {[%emt 0:06:07]} Re8 {[%emt 0:00:29]} 10. h3 {[%emt 0:08:48]} Nbd7 {[%emt 0:01:09]} 11. Rb1 {[%emt 0:14:11]} a6 {[%emt 0:12:53]} 12. Be3 {[%emt 0:13:47]} exd4 {[%emt 0:01:16]} 13. Nxd4 {[%emt 0:01:51]} Ne5 {[%emt 0:00:14]} 14. b4 {[%emt 0:11:59]} Qc7 {[%emt 0:06:44]} 15. Qb3 {[%emt 0:00:31]} b5 {[%emt 0:34:22]} 16. cxb5 {[%emt 0:01:18]} axb5 {[%emt 0:00:35]} 17. f4 {[%emt 0:05:44]} Nc4 {[%emt 0:01:20]} 18. Ncxb5 {[%emt 0:00:47]} cxb5 {[%emt 0:00:16]} 19. Nxb5 {[%emt 0:00:03]} Qc6 {[%emt 0:01:55]} 20. Nd4 {[%emt 0:00:36]} Qa6 {[%emt 0:05:09]} 21. Bf1 {[%emt 0:00:45]} d5 {[%emt 0:06:56]} 22. exd5 {[%emt 0:00:30]} Ng4 {[%emt 0:08:56]} 23. Bxc4 {[%emt 0:04:11]} Qb6 {[%emt 0:00:04]} 24. hxg4 {[%emt 0:01:05]} Rxe3 {[%emt 0:00:38]} 25. Rxe3 {[%emt 0:00:06]} Bxd4 {[%emt 0:00:05]} 26. Rbe1 {[%emt 0:01:01]} Bxg4 {[%emt 0:01:56]} 27. Kg2 {[%emt 0:01:10]} Bxe3 {[%emt 0:00:13]} 28. Qxe3 {[%emt 0:06:46]} Qxb4 {[%emt 0:00:05]} 29. Bb3 {[%emt 0:00:06]} Rc8 {[%emt 0:00:46]} 30. Kh2 {[%emt 0:04:20]} h5 {[%emt 0:00:05]} 31. Rc1 {[%emt 0:01:15]} 1/2-1/2

[Event "Teplice Open 2019"]
[Site "Teplice"]
[Date "2019.06.20"]
[Round "6.9"]
[White "Gumularz, Szymon"]
[Black "Dastan, Muhammed Batuhan"]
[Result "1/2-1/2"]
[WhiteElo "2495"]
[BlackElo "2561"]
[Annotator "ChessBase"]
[PlyCount "61"]
[EventDate "2019.06.15"]
[EventType "swiss"]
[EventCountry "CZE"]
[SourceTitle "playchess.com"]
[Source "ChessBase"]
[SourceQuality "1"]
[TimeControl "40/5400+30:1800+30"]

1. d4 {[%emt 0:00:00]} d5 {[%emt 0:00:00]} 2. c4 {[%emt 0:00:00]} dxc4 {[%emt 0:01:15]} 3. Nf3 {[%emt 0:00:17]} Nf6 {[%emt 0:00:06]} 4. e3 {[%emt 0:00:04]} e6 {[%emt 0:00:03]} 5. Bxc4 {[%emt 0:00:21]} c5 {[%emt 0:00:06]} 6. O-O {[%emt 0:00:53]} a6 {[%emt 0:00:04]} 7. Bb3 {[%emt 0:02:58]} cxd4 {[%emt 0:00:30]} 8. exd4 {[%emt 0:00:06]} Nc6 {[%emt 0:00:04]} 9. Nc3 {[%emt 0:01:46]} Be7 {[%emt 0:00:06]} 10. Re1 {[%emt 0:01:41]} O-O {[%emt 0:00:07]} 11. a3 {[%emt 0:00:43]} b5 {[%emt 0:00:23]} 12. d5 {[%emt 0:10:12]} exd5 {[%emt 0:00:18]} 13. Nxd5 {[%emt 0:01:26]} Nxd5 {[%emt 0:00:06]} 14. Bxd5 {[%emt 0:04:52]} Bb7 {[%emt 0:00:06]} 15. Bf4 {[%emt 0:03:42]} Bf6 {[%emt 0:00:08]} 16. Rc1 {[%emt 0:13:33]} Rc8 {[%emt 0:03:42]} 17. b4 {[%emt 0:22:10]} Ba8 {[%emt 0:02:16]} 18. Bd6 {[%emt 0:07:19]} Re8 {[%emt 0:04:48]} 19. Bxf7+ {[%emt 0:01:48]} Kxf7 {[%emt 0:00:06]} 20. Qd5+ {[%emt 0:00:07]} Kg6 {[%emt 0:00:12]} 21. Qd3+ {[%emt 0:00:38]} Kf7 {[%emt 0:04:06]} 22. Qd5+ {[%emt 0:00:21]} Kg6 {[%emt 0:00:06]} 23. Qd3+ {[%emt 0:00:08]} Kf7 {[%emt 0:00:05]} 24. Qd5+ {[%emt 0:00:11]} Kg6 {[%emt 0:00:05]} 25. Qd3+ {[%emt 0:00:07]} Kf7 {[%emt 0:00:13]} 26. Qd5+ {[%emt 0:00:05]} Kg6 {[%emt 0:00:03]} 27. Qd3+ {[%emt 0:00:03]} Kf7 {[%emt 0:00:06]} 28. Qd5+ {[%emt 0:00:03]} Kg6 {[%emt 0:00:05]} 29. Qd3+ {[%emt 0:00:02]} Kf7 {[%emt 0:00:04]} 30. Qd5+ {[%emt 0:00:04]} Kg6 {[%emt 0:00:05]} 31. Qd3+ {[%emt 0:00:04]} 1/2-1/2

[Event "Teplice Open 2019"]
[Site "Teplice"]
[Date "2019.06.20"]
[Round "6.10"]
[White "Kraus, Tomas"]
[Black "Stocek, Jiri"]
[Result "1/2-1/2"]
[WhiteElo "2479"]
[BlackElo "2551"]
[Annotator "ChessBase"]
[PlyCount "44"]
[EventDate "2019.06.15"]
[EventType "swiss"]
[EventCountry "CZE"]
[SourceTitle "playchess.com"]
[Source "ChessBase"]
[SourceQuality "1"]
[TimeControl "40/5400+30:1800+30"]

1. d4 {[%emt 0:00:00]} Nf6 {[%emt 0:00:37]} 2. c4 {[%emt 0:00:00]} e6 {[%emt 0:01:25]} 3. Nc3 {[%emt 0:00:10]} Bb4 {[%emt 0:00:08]} 4. Qc2 {[%emt 0:00:22]} O-O {[%emt 0:01:48]} 5. e4 {[%emt 0:00:44]} d6 {[%emt 0:02:02]} 6. a3 {[%emt 0:00:15]} Bxc3+ {[%emt 0:00:06]} 7. bxc3 {[%emt 0:00:03]} Nbd7 {[%emt 0:02:17]} 8. Bd3 {[%emt 0:00:48]} c5 {[%emt 0:00:51]} 9. Ne2 {[%emt 0:03:04]} Qc7 {[%emt 0:00:57]} 10. Ng3 {[%emt 0:05:36]} b6 {[%emt 0:02:24]} 11. f4 {[%emt 0:06:09]} cxd4 {[%emt 0:01:43]} 12. cxd4 {[%emt 0:03:00]} Ba6 {[%emt 0:02:26]} 13. O-O {[%emt 0:07:31]} Rac8 {[%emt 0:02:23]} 14. e5 {[%emt 0:03:24]} Nd5 {[%emt 0:01:39]} 15. exd6 {[%emt 0:08:41]} Qxd6 {[%emt 0:03:49]} 16. Qb3 {[%emt 0:06:09]} N5f6 {[%emt 0:06:57]} 17. Bb2 {[%emt 0:01:07]} Rfd8 {[%emt 0:03:48]} 18. Rad1 {[%emt 0:03:20]} Qc6 {[%emt 0:18:11]} 19. Rc1 {[%emt 0:00:47]} Qd6 {[%emt 0:05:38]} 20. Rcd1 {[%emt 0:00:24]} Qc6 {[%emt 0:03:35]} 21. Rc1 {[%emt 0:00:05]} Qd6 {[%emt 0:00:10]} 22. Rcd1 {[%emt 0:00:04]} Qc6 {[%emt 0:03:54]} 1/2-1/2

[Event "Teplice Open 2019"]
[Site "Teplice"]
[Date "2019.06.20"]
[Round "6.11"]
[White "Babula, Vlastimil"]
[Black "Georgescu, Lena"]
[Result "1/2-1/2"]
[WhiteElo "2550"]
[BlackElo "2200"]
[Annotator "ChessBase"]
[PlyCount "69"]
[EventDate "2019.06.15"]
[EventType "swiss"]
[EventCountry "CZE"]
[SourceTitle "playchess.com"]
[Source "ChessBase"]
[SourceQuality "1"]
[TimeControl "40/5400+30:1800+30"]

1. d4 {[%emt 0:00:00]} Nf6 {[%emt 0:00:00]} 2. c4 {[%emt 0:00:00]} e6 {[%emt 0:00:00]} 3. Nf3 {[%emt 0:00:11]} b6 {[%emt 0:00:00]} 4. g3 {[%emt 0:00:31]} Bb4+ {[%emt 0:00:00]} 5. Bd2 {[%emt 0:01:04]} Bxd2+ {[%emt 0:00:05]} 6. Qxd2 {[%emt 0:00:30]} Ba6 {[%emt 0:00:09]} 7. b3 {[%emt 0:03:50]} O-O {[%emt 0:00:14]} 8. Nc3 {[%emt 0:01:16]} d5 {[%emt 0:01:09]} 9. cxd5 {[%emt 0:01:29]} exd5 {[%emt 0:00:47]} 10. Bg2 {[%emt 0:02:18]} c5 {[%emt 0:01:22]} 11. O-O {[%emt 0:14:46]} Nc6 {[%emt 0:00:19]} 12. dxc5 {[%emt 0:06:40]} bxc5 {[%emt 0:00:09]} 13. Nh4 {[%emt 0:02:27]} Rc8 {[%emt 0:16:52]} 14. Rac1 {[%emt 0:02:41]} Re8 {[%emt 0:04:24]} 15. Rfe1 {[%emt 0:00:36]} d4 {[%emt 0:05:25]} 16. Na4 {[%emt 0:02:40]} c4 {[%emt 0:02:32]} 17. bxc4 {[%emt 0:02:37]} Ne5 {[%emt 0:04:17]} 18. c5 {[%emt 0:21:33]} d3 {[%emt 0:09:48]} 19. Nf5 {[%emt 0:03:02]} dxe2 {[%emt 0:08:08]} 20. Nd6 {[%emt 0:00:13]} Nd3 {[%emt 0:04:50]} 21. Nxe8 {[%emt 0:03:56]} Qxe8 {[%emt 0:10:18]} 22. c6 {[%emt 0:02:06]} Nxc1 {[%emt 0:03:18]} 23. Qxc1 {[%emt 0:01:37]} Bb5 {[%emt 0:02:18]} 24. Nc3 {[%emt 0:00:53]} Bxc6 {[%emt 0:01:22]} 25. Rxe2 {[%emt 0:00:44]} Qd7 {[%emt 0:00:46]} 26. Rd2 {[%emt 0:04:13]} Qb7 {[%emt 0:04:10]} 27. Bxc6 {[%emt 0:05:38]} Qxc6 {[%emt 0:00:28]} 28. Rd3 {[%emt 0:00:21]} g6 {[%emt 0:03:24]} 29. Qd2 {[%emt 0:01:20]} Kg7 {[%emt 0:00:55]} 30. h3 {[%emt 0:00:32]} h6 {[%emt 0:02:22]} 31. Kh2 {[%emt 0:00:14]} Kh7 {[%emt 0:04:11]} 32. Nd5 {[%emt 0:03:21]} Nxd5 {[%emt 0:00:19]} 33. Rxd5 {[%emt 0:00:03]} Rc7 {[%emt 0:02:17]} 34. Qd4 {[%emt 0:05:43]} Qb6 {[%emt 0:00:19]} 35. Qxb6 {[%emt 0:01:26]} 1/2-1/2

[Event "Teplice Open 2019"]
[Site "Teplice"]
[Date "2019.06.20"]
[Round "6.12"]
[White "Warmerdam, Max"]
[Black "Dragnev, Valentin"]
[Result "1/2-1/2"]
[WhiteElo "2475"]
[BlackElo "2521"]
[Annotator "ChessBase"]
[PlyCount "61"]
[EventDate "2019.06.15"]
[EventType "swiss"]
[EventCountry "CZE"]
[SourceTitle "playchess.com"]
[Source "ChessBase"]
[SourceQuality "1"]
[TimeControl "40/5400+30:1800+30"]

1. e4 {[%emt 0:00:00]} e5 {[%emt 0:00:00]} 2. Nf3 {[%emt 0:00:00]} Nc6 {[%emt 0:00:01]} 3. Bb5 {[%emt 0:00:00]} a6 {[%emt 0:00:16]} 4. Ba4 {[%emt 0:00:00]} Nf6 {[%emt 0:00:05]} 5. O-O {[%emt 0:00:00]} Nxe4 {[%emt 0:00:12]} 6. d4 {[%emt 0:00:00]} b5 {[%emt 0:00:04]} 7. Bb3 {[%emt 0:00:00]} d5 {[%emt 0:00:05]} 8. dxe5 {[%emt 0:00:06]} Be6 {[%emt 0:00:08]} 9. c3 {[%emt 0:00:04]} Be7 {[%emt 0:00:17]} 10. Re1 {[%emt 0:00:11]} O-O {[%emt 0:01:39]} 11. Nbd2 {[%emt 0:00:06]} Nc5 {[%emt 0:01:52]} 12. Nd4 {[%emt 0:00:27]} Nxd4 {[%emt 0:10:25]} 13. cxd4 {[%emt 0:01:54]} Nd3 {[%emt 0:00:02]} 14. Re3 {[%emt 0:00:06]} Nxc1 {[%emt 0:00:04]} 15. Rxc1 {[%emt 0:00:05]} Rc8 {[%emt 0:00:02]} 16. Rec3 {[%emt 0:00:14]} a5 {[%emt 0:00:04]} 17. Bc2 {[%emt 0:43:01]} c5 {[%emt 0:10:13]} 18. dxc5 {[%emt 0:00:41]} d4 {[%emt 0:01:15]} 19. Rg3 {[%emt 0:00:30]} Rxc5 {[%emt 0:03:16]} 20. Bxh7+ {[%emt 0:02:33]} Kxh7 {[%emt 0:01:18]} 21. Rxc5 {[%emt 0:00:06]} Bxc5 {[%emt 0:00:19]} 22. Qh5+ {[%emt 0:04:13]} Kg8 {[%emt 0:00:15]} 23. Ne4 {[%emt 0:01:19]} Be7 {[%emt 0:03:55]} 24. Qh6 {[%emt 0:00:39]} g6 {[%emt 0:00:27]} 25. Rxg6+ {[%emt 0:00:43]} fxg6 {[%emt 0:00:06]} 26. Qxg6+ {[%emt 0:00:03]} Kh8 {[%emt 0:00:04]} 27. Qh6+ {[%emt 0:00:04]} Kg8 {[%emt 0:00:04]} 28. Qg6+ {[%emt 0:00:05]} Kh8 {[%emt 0:00:04]} 29. Qh6+ {[%emt 0:00:00]} Kg8 {[%emt 0:00:00]} 30. Qg6+ {[%emt 0:00:00]} Kh8 {[%emt 0:00:01]} 31. Qh6+ {[%emt 0:00:04]} 1/2-1/2

[Event "Teplice Open 2019"]
[Site "Teplice"]
[Date "2019.06.20"]
[Round "6.13"]
[White "Loiseau, Quentin"]
[Black "Van Foreest, Jorden"]
[Result "0-1"]
[WhiteElo "2471"]
[BlackElo "2610"]
[Annotator "TA"]
[PlyCount "27"]
[EventDate "2019.06.15"]
[EventType "swiss"]
[EventCountry "CZE"]
[SourceTitle "playchess.com"]
[Source "ChessBase"]
[SourceQuality "1"]

{[%evp 9,9,41]} 1. d4 Nf6 2. Nf3 g6 3. c4 Bg7 4. Nc3 d5 5. cxd5 {Predecessor:} Nxd5 $146 6. Na4 Nf6 7. Nc3 Bf5 8. Nh4 Be4 9. f3 Bc6 10. e4 O-O 11. Be3 e6 12. g3 Re8 13. Be2 Nbd7 14. O-O {1-0 (63) Tari,A (2625)-Vachier Lagrave,M (2780) chess.com INT 2019} 0-1

[Event "Teplice Open 2019"]
[Site "Teplice"]
[Date "2019.06.20"]
[Round "6.14"]
[White "Shevchenko, Kirill"]
[Black "Efroimski, Marsel"]
[Result "1-0"]
[WhiteElo "2539"]
[BlackElo "2327"]
[Annotator "ChessBase"]
[PlyCount "97"]
[EventDate "2019.06.15"]
[EventType "swiss"]
[EventCountry "CZE"]
[SourceTitle "playchess.com"]
[Source "ChessBase"]
[SourceQuality "1"]
[TimeControl "40/5400+30:1800+30"]

1. d4 {[%emt 0:00:00]} d5 {[%emt 0:00:00]} 2. c4 {[%emt 0:00:09]} e6 {[%emt 0:00:00]} 3. Nc3 {[%emt 0:00:28]} a6 {[%emt 0:00:00]} 4. cxd5 {[%emt 0:02:17]} exd5 {[%emt 0:00:00]} 5. Nf3 {[%emt 0:00:13]} Nf6 {[%emt 0:00:21]} 6. Bg5 {[%emt 0:00:59]} Be6 {[%emt 0:00:07]} 7. e3 {[%emt 0:01:03]} Nbd7 {[%emt 0:00:06]} 8. Bd3 {[%emt 0:02:31]} Bd6 {[%emt 0:00:33]} 9. Bh4 {[%emt 0:03:25]} h6 {[%emt 0:00:11]} 10. Rc1 {[%emt 0:03:28]} c6 {[%emt 0:03:55]} 11. a3 {[%emt 0:06:11]} Rc8 {[%emt 0:16:20]} 12. Bg3 {[%emt 0:17:34]} Bxg3 {[%emt 0:10:12]} 13. hxg3 {[%emt 0:00:14]} Bg4 {[%emt 0:00:52]} 14. b4 {[%emt 0:08:09]} Qe7 {[%emt 0:02:08]} 15. Qb3 {[%emt 0:02:19]} O-O {[%emt 0:04:34]} 16. Nd2 {[%emt 0:08:40]} Rfe8 {[%emt 0:08:27]} 17. Na4 {[%emt 0:08:35]} Bh5 {[%emt 0:11:51]} 18. Nc5 {[%emt 0:07:38]} Nf8 {[%emt 0:06:49]} 19. Nf3 {[%emt 0:04:39]} Bg6 {[%emt 0:02:52]} 20. Ne5 {[%emt 0:06:01]} Bxd3 {[%emt 0:01:01]} 21. Qxd3 {[%emt 0:00:04]} Ne4 {[%emt 0:04:13]} 22. Nxe4 {[%emt 0:03:57]} dxe4 {[%emt 0:00:02]} 23. Qb3 {[%emt 0:00:45]} Nd7 {[%emt 0:06:11]} 24. Nxd7 {[%emt 0:00:58]} Qxd7 {[%emt 0:00:02]} 25. Rh5 {[%emt 0:00:02]} Re6 {[%emt 0:07:28]} 26. a4 {[%emt 0:01:50]} Kh7 {[%emt 0:00:55]} 27. Rhc5 {[%emt 0:02:44]} b6 {[%emt 0:06:25]} 28. R5c3 {[%emt 0:02:41]} Rf6 {[%emt 0:02:30]} 29. Qc2 {[%emt 0:01:31]} Qe7 {[%emt 0:03:21]} 30. b5 {[%emt 0:01:12]} axb5 {[%emt 0:00:25]} 31. axb5 {[%emt 0:00:02]} Qb4 {[%emt 0:01:41]} 32. Qxe4+ {[%emt 0:00:54]} g6 {[%emt 0:00:58]} 33. Qb1 {[%emt 0:00:30]} Qa5 {[%emt 0:00:53]} 34. Ke2 {[%emt 0:01:07]} Rf5 {[%emt 0:00:33]} 35. bxc6 {[%emt 0:01:19]} Rf6 {[%emt 0:00:37]} 36. Kf1 {[%emt 0:01:12]} h5 {[%emt 0:00:42]} 37. c7 {[%emt 0:00:46]} Qd5 {[%emt 0:00:38]} 38. Qd3 {[%emt 0:00:23]} Qd7 {[%emt 0:00:23]} 39. Kg1 {[%emt 0:00:34]} Kg7 {[%emt 0:00:29]} 40. Qe4 {[%emt 0:00:19]} Re6 {[%emt 0:00:16]} 41. Qb7 {[%emt 0:30:17]} g5 {[%emt 0:30:44]} 42. Rc6 {[%emt 0:01:55]} h4 {[%emt 0:00:42]} 43. Rxe6 {[%emt 0:00:40]} Qxe6 {[%emt 0:00:00]} 44. gxh4 {[%emt 0:00:00]} gxh4 {[%emt 0:00:00]} 45. d5 {[%emt 0:00:00]} Qg4 {[%emt 0:00:00]} 46. Qxc8 {[%emt 0:00:00]} Qxc8 {[%emt 0:00:00]} 47. d6 {[%emt 0:00:00]} h3 {[%emt 0:00:00]} 48. d7 {[%emt 0:00:00]} Qa8 {[%emt 0:00:00]} 49. gxh3 {[%emt 0:00:00]} 1-0

[Event "Teplice Open 2019"]
[Site "Teplice"]
[Date "2019.06.20"]
[Round "6.15"]
[White "Mikes, Jan"]
[Black "Salomon, Johan"]
[Result "0-1"]
[WhiteElo "2404"]
[BlackElo "2509"]
[Annotator "ChessBase"]
[PlyCount "74"]
[EventDate "2019.06.15"]
[EventType "swiss"]
[EventCountry "CZE"]
[SourceTitle "playchess.com"]
[Source "ChessBase"]
[SourceQuality "1"]
[TimeControl "40/5400+30:1800+30"]

1. e4 {[%emt 0:00:00]} e6 {[%emt 0:00:00]} 2. d4 {[%emt 0:00:00]} d5 {[%emt 0:00:00]} 3. Nc3 {[%emt 0:00:00]} Nf6 {[%emt 0:00:00]} 4. e5 {[%emt 0:00:00]} Nfd7 {[%emt 0:00:00]} 5. f4 {[%emt 0:00:00]} c5 {[%emt 0:00:00]} 6. Nf3 {[%emt 0:00:00]} Nc6 {[%emt 0:00:00]} 7. Be3 {[%emt 0:00:03]} Be7 {[%emt 0:00:00]} 8. Qd2 {[%emt 0:00:27]} O-O {[%emt 0:00:07]} 9. dxc5 {[%emt 0:01:33]} Qa5 {[%emt 0:00:18]} 10. a3 {[%emt 0:10:29]} a6 {[%emt 0:01:29]} 11. Be2 {[%emt 0:02:09]} Bxc5 {[%emt 0:00:44]} 12. Bxc5 {[%emt 0:01:08]} Qxc5 {[%emt 0:05:12]} 13. b4 {[%emt 0:01:10]} Qb6 {[%emt 0:09:50]} 14. Na4 {[%emt 0:25:08]} Qa7 {[%emt 0:05:55]} 15. Nb2 {[%emt 0:01:19]} f6 {[%emt 0:02:30]} 16. c4 {[%emt 0:04:08]} fxe5 {[%emt 0:15:55]} 17. cxd5 {[%emt 0:00:46]} exd5 {[%emt 0:00:38]} 18. Qxd5+ {[%emt 0:00:11]} Kh8 {[%emt 0:00:14]} 19. Ng5 {[%emt 0:05:18]} Nf6 {[%emt 0:06:12]} 20. Nf7+ {[%emt 0:03:07]} Rxf7 {[%emt 0:00:05]} 21. Qxf7 {[%emt 0:00:04]} Bf5 {[%emt 0:07:24]} 22. Nc4 {[%emt 0:18:20]} Nd4 {[%emt 0:15:04]} 23. Ra2 {[%emt 0:14:17]} Be6 {[%emt 0:05:35]} 24. Qe7 {[%emt 0:00:22]} Re8 {[%emt 0:03:14]} 25. Qc7 {[%emt 0:05:30]} Rc8 {[%emt 0:03:06]} 26. Qxe5 {[%emt 0:03:27]} Bxc4 {[%emt 0:01:28]} 27. Bxc4 {[%emt 0:00:28]} Re8 {[%emt 0:05:42]} 28. Rd2 {[%emt 0:02:27]} Nc6 {[%emt 0:00:46]} 29. Qxe8+ {[%emt 0:00:26]} Nxe8 {[%emt 0:00:02]} 30. Kd1 {[%emt 0:00:14]} Nf6 {[%emt 0:00:58]} 31. Re1 {[%emt 0:00:15]} h5 {[%emt 0:00:47]} 32. Bf7 {[%emt 0:02:23]} Kh7 {[%emt 0:01:29]} 33. h3 {[%emt 0:00:17]} b5 {[%emt 0:00:28]} 34. Ba2 {[%emt 0:00:34]} Nd4 {[%emt 0:02:33]} 35. Bb1+ {[%emt 0:00:11]} g6 {[%emt 0:00:32]} 36. Re3 {[%emt 0:00:43]} Nf5 {[%emt 0:00:52]} 37. Re1 {[%emt 0:00:22]} Ne3+ {[%emt 0:00:42]} 0-1

[Event "Teplice Open 2019"]
[Site "Teplice"]
[Date "2019.06.20"]
[Round "6.16"]
[White "Morgunov, Marc"]
[Black "Janik, Igor"]
[Result "0-1"]
[WhiteElo "2351"]
[BlackElo "2483"]
[Annotator "ChessBase"]
[PlyCount "73"]
[EventDate "2019.06.15"]
[EventType "swiss"]
[EventCountry "CZE"]
[SourceTitle "playchess.com"]
[Source "ChessBase"]
[SourceQuality "1"]
[TimeControl "40/5400+30:1800+30"]

1. e4 {[%emt 0:00:00]} c5 {[%emt 0:00:00]} 2. Nc3 {[%emt 0:00:00]} Nc6 {[%emt 0:00:00]} 3. Bb5 {[%emt 0:00:00]} Nd4 {[%emt 0:00:17]} 4. Nf3 {[%emt 0:00:00]} g6 {[%emt 0:00:50]} 5. O-O {[%emt 0:01:35]} Bg7 {[%emt 0:00:11]} 6. Nxd4 {[%emt 0:05:10]} cxd4 {[%emt 0:00:10]} 7. Ne2 {[%emt 0:00:13]} Nf6 {[%emt 0:00:50]} 8. d3 {[%emt 0:02:55]} O-O {[%emt 0:00:58]} 9. c3 {[%emt 0:10:54]} dxc3 {[%emt 0:00:24]} 10. Nxc3 {[%emt 0:01:11]} a6 {[%emt 0:00:36]} 11. Bc4 {[%emt 0:00:26]} b5 {[%emt 0:01:09]} 12. Bb3 {[%emt 0:00:09]} d6 {[%emt 0:00:14]} 13. Qe2 {[%emt 0:07:02]} Bb7 {[%emt 0:00:59]} 14. Be3 {[%emt 0:01:24]} Rc8 {[%emt 0:03:24]} 15. a3 {[%emt 0:04:27]} e6 {[%emt 0:00:59]} 16. f4 {[%emt 0:05:54]} d5 {[%emt 0:04:36]} 17. Bf2 {[%emt 0:21:20]} Nh5 {[%emt 0:07:44]} 18. g3 {[%emt 0:06:04]} Bxc3 {[%emt 0:02:23]} 19. bxc3 {[%emt 0:00:27]} Rxc3 {[%emt 0:00:47]} 20. Rfc1 {[%emt 0:07:22]} Qc7 {[%emt 0:01:23]} 21. Rcb1 {[%emt 0:05:01]} dxe4 {[%emt 0:02:12]} 22. dxe4 {[%emt 0:00:14]} Nf6 {[%emt 0:00:49]} 23. Bd4 {[%emt 0:06:13]} Nxe4 {[%emt 0:00:10]} 24. Rb2 {[%emt 0:00:59]} Rc6 {[%emt 0:06:08]} 25. Re1 {[%emt 0:03:53]} Rd6 {[%emt 0:00:26]} 26. Be5 {[%emt 0:01:06]} Qc5+ {[%emt 0:01:01]} 27. Qe3 {[%emt 0:00:06]} Rd3 {[%emt 0:01:10]} 28. Qxc5 {[%emt 0:00:29]} Nxc5 {[%emt 0:00:02]} 29. Ba2 {[%emt 0:02:16]} Nd7 {[%emt 0:04:47]} 30. a4 {[%emt 0:01:53]} Nxe5 {[%emt 0:00:34]} 31. Rxe5 {[%emt 0:02:05]} Bc6 {[%emt 0:00:33]} 32. axb5 {[%emt 0:02:12]} Bxb5 {[%emt 0:00:16]} 33. Rc2 {[%emt 0:01:03]} Rfd8 {[%emt 0:00:48]} 34. Re1 {[%emt 0:01:04]} Rd2 {[%emt 0:00:47]} 35. Rec1 {[%emt 0:00:32]} Kg7 {[%emt 0:00:21]} 36. Bb3 {[%emt 0:01:18]} Kf6 {[%emt 0:00:20]} 37. Ba2 {[%emt 0:00:19] Ke5} 0-1